Úvaha o ekonomickom raste - cieľ hospodárskej politiky

Úvahy o ekonomickom raste z hľadiska kvantitatívneho vykazovania a kvalitatívneho účinku na človeka a prosperitu spoločnosti. Globalizačný proces, ktorý ponúka nové príležitostí, ale aj ohrozenia perspektívy dlhodobého ekonomického rastu Slovenska.

Guardado en:
Detalles Bibliográficos
Autor principal: Blašková, Mária
Formato: Capítulo de libro
Lenguaje:eslovaco
Materias:
Etiquetas: Agregar Etiqueta
Sin Etiquetas, Sea el primero en etiquetar este registro!

MARC

LEADER 00000nla$a2200000$$$4500
001 0145051
005 20240502072614.5
041 0 |a slo 
044 |a SK 
245 1 0 |a Úvaha o ekonomickom raste - cieľ hospodárskej politiky  |c Mária Blašková 
520 |a Úvahy o ekonomickom raste z hľadiska kvantitatívneho vykazovania a kvalitatívneho účinku na človeka a prosperitu spoločnosti. Globalizačný proces, ktorý ponúka nové príležitostí, ale aj ohrozenia perspektívy dlhodobého ekonomického rastu Slovenska. 
610 2 0 |a politika hospodárska 
610 2 0 |a globalizácia 
610 2 0 |a ekonomika nová 
610 2 0 |a vedomie ekonomické 
610 2 0 |a technológie nové 
610 2 0 |a procesy sociálno-ekonomické 
610 2 0 |a rozvoj trvalo udržateľný 
610 2 0 |a konkurencieschopnosť 
610 2 0 |a kvalita života 
100 1 |a Blašková, Mária